[Event "Online Olym Div3 B 2020"]
[Site "chess.com INT"]
[Date "2020.07.08"]
[Round "5.1"]
[Board "3"]
[White "Jorge, Rita Maria Osorio"]
[Black "Arakhamia-Grant, Ketevan"]
[Result "0-1"]
[WhiteTitle "WFM"]
[BlackTitle "GM"]
[WhiteElo "1983"]
[BlackElo "2380"]
[WhiteTeam "Portugal"]
[BlackTeam "Scotland"]
[WhiteFideId "1923161"]
[BlackFideId "13600168"]
[EventDate "2020.07.07"]
[EventType "team"]

1. e4 c5 2. Nf3 Nc6 3. Bb5 g6 4. O-O Bg7 5. c3 Nf6 6. Re1 O-O 7. Bxc6 dxc6 8. d3
Qc7 9. Be3 b6 10. h3 Ba6 11. Qc2 Rad8 12. d4 cxd4 13. cxd4 c5 14. Nbd2 Nd7 15.
Rac1 Qb8 16. b3 cxd4 17. Bxd4 Bxd4 18. Nxd4 Ne5 19. N2f3 Nd3 20. Nc6 Nxe1 21.
Nxe1 Qf4 22. Nxd8 Rxd8 23. Nf3 Rc8 24. Qxc8+ Bxc8 25. Rxc8+ Kg7 26. e5 e6 27.
Rc7 a5 28. Rb7 Qc1+ 29. Kh2 Qc6 30. Ra7 h6 31. Nd4 Qd5 32. Nf3 g5 33. Rc7 b5 34.
Ra7 b4 35. Ra6 Qc5 36. Rd6 Qxf2 37. Rd7 Qxa2 38. Nd4 Kg6 39. Ra7 Qf2 40. Nb5
Qf4+ 41. Kg1 Qxe5 42. Rxa5 h5 43. Kf2 h4 44. Kg1 Qe3+ 45. Kh1 Qb6 46. Ra8 Qxb5
47. Rg8+ Kh7 48. Rf8 Kg7 49. Rd8 Qf1+ 50. Kh2 Qf4+ 51. Kh1 Qe3 52. Rb8 Qe1+ 53.
Kh2 Qg3+ 54. Kh1 Qxb8 55. g3 hxg3 56. h4 Qb7+ 57. Kg1 Qf3 58. h5 Qf2+ 59. Kh1
Qh2# 0-1

[Event "Online Olym Div3 B 2020"]
[Site "chess.com INT"]
[Date "2020.07.08"]
[Round "5.1"]
[Board "4"]
[White "Roy, Ali"]
[Black "Pintor, Ariana"]
[Result "0-1"]
[BlackTitle "WFM"]
[WhiteElo "1878"]
[BlackElo "1903"]
[WhiteTeam "Scotland"]
[BlackTeam "Portugal"]
[WhiteFideId "2400456"]
[BlackFideId "1902806"]
[EventDate "2020.07.07"]
[EventType "team"]

1. Nf3 Nf6 2. g3 g6 3. Bg2 Bg7 4. O-O O-O 5. d3 d5 6. Nbd2 c5 7. e4 Nc6 8. c3 e5
9. Qc2 h6 10. exd5 Nxd5 11. Ne4 Qe7 12. Be3 Nxe3 13. fxe3 Be6 14. a4 Rfd8 15.
Rf2 Rac8 16. h4 f5 17. Ned2 Qd6 18. Bf1 c4 19. dxc4 e4 20. Nd4 Qxg3+ 21. Rg2
Qxe3+ 22. Kh1 Nxd4 23. cxd4 Rxd4 24. Nb3 Rdd8 25. Rxg6 Bf7 26. Rg2 Bh5 27. Be2
Bxe2 28. Rxe2 Qf3+ 29. Rg2 Rd3 30. Rg1 Kh7 31. Nd2 Qh3+ 32. Rh2 Qe3 33. Nf1 Qd4
34. Qg2 Qf6 35. h5 Rxc4 36. a5 f4 37. Qg4 Rc5 38. Qe2 Rd4 39. Rg6 Qe7 40. Rhg2
Rg5 41. R2xg5 hxg5 42. Qg2 Rd5 43. Nd2 e3 44. Qxd5 exd2 45. Qxd2 Qe4+ 46. Qg2
Qe1+ 47. Qg1 Qh4+ 48. Qh2 Qe1+ 49. Qg1 Qe4+ 50. Qg2 f3 51. Qf2 Qf5 52. Rd6 Qh3+
53. Qh2 Qf1+ 54. Qg1 Qh3+ 55. Qh2 Qxh2+ 56. Kxh2 Be5+ 57. Kg1 Bxd6 58. Kf2 g4 0-1

[Event "Online Olym Div3 B 2020"]
[Site "chess.com INT"]
[Date "2020.07.08"]
[Round "5.1"]
[Board "5"]
[White "Veiga, Jose Francisco R P Neves"]
[Black "Abdulla, Murad"]
[Result "1-0"]
[WhiteTitle "FM"]
[BlackTitle "FM"]
[WhiteElo "2322"]
[BlackElo "2287"]
[WhiteTeam "Portugal"]
[BlackTeam "Scotland"]
[WhiteFideId "1930087"]
[BlackFideId "2403757"]
[EventDate "2020.07.07"]
[EventType "team"]

1. e4 c5 2. Nf3 Nf6 3. Nc3 d5 4. exd5 Nxd5 5. Ne5 Nf6 6. Bc4 e6 7. O-O Be7 8. d3
O-O 9. Qf3 Nbd7 10. Nxd7 Qxd7 11. Bf4 a6 12. a4 h6 13. a5 Qe8 14. Rfe1 Ra7 15.
Bb8 Ra8 16. Bf4 Ra7 17. Bb8 Ra8 18. Be5 Qc6 19. Qxc6 bxc6 20. Na4 Nd5 21. Nb6
Ra7 22. Nxc8 Rxc8 23. c3 Nc7 24. d4 cxd4 25. Bxd4 Rb7 26. Re2 Kf8 27. Bb6 Nb5
28. Rd1 Ke8 29. Red2 Rbb8 30. Rd7 Bd8 31. Bxb5 Bxb6 32. axb6 cxb5 33. b7 Rc6 34.
Rd8+ Rxd8 35. Rxd8+ Kxd8 36. b8=Q+ Kd7 37. Qb7+ Kd6 38. Qxf7 Kc5 39. Qxg7 Rd6
40. Kf1 1-0

[Event "Online Olym Div3 B 2020"]
[Site "chess.com INT"]
[Date "2020.07.08"]
[Round "5.1"]
[Board "6"]
[White "Espinosa Cancino, Monica"]
[Black "Pipiras, Filipa Fortuna"]
[Result "1/2-1/2"]
[WhiteElo "1666"]
[BlackElo "1907"]
[WhiteTeam "Scotland"]
[BlackTeam "Portugal"]
[WhiteFideId "22253025"]
[BlackFideId "1944894"]
[EventDate "2020.07.07"]
[EventType "team"]

1. d4 d5 2. Nf3 Nf6 3. g3 e6 4. Bg2 Be7 5. O-O O-O 6. c4 dxc4 7. Nc3 Nbd7 8. Qc2
c5 9. Rd1 cxd4 10. Nxd4 a6 11. Ne4 Nd5 12. Qxc4 b5 13. Qb3 Bb7 14. Be3 N7b6 15.
Nd2 Rc8 16. Rac1 Rxc1 17. Rxc1 Nxe3 18. Qxe3 Nd5 19. Bxd5 Qxd5 20. N4f3 Qxa2 21.
Rc7 Bxf3 22. Nxf3 Bf6 23. b3 a5 24. Kg2 h6 25. Rb7 b4 26. Rb5 Rc8 27. Qd3 g6 28.
Nd2 Rd8 29. Qf3 Qxd2 30. Qxf6 Ra8 31. Qf3 Ra7 32. Rb8+ Kg7 33. Rb5 Qd7 34. Rc5
a4 35. bxa4 Qxa4 36. Qe3 Qd7 37. Qe5+ Kh7 38. Qe3 Rb7 39. Rc2 b3 40. Rb2 Qd5+
41. f3 Qc4 42. Qd2 Ra7 43. Qe3 Ra2 44. Qxb3 Qxb3 45. Rxb3 Rxe2+ 46. Kg1 Kg7 47.
h3 Rc2 48. Re3 Kf6 49. Kf1 Rh2 50. h4 h5 51. Re2 Rxe2 52. Kxe2 g5 53. hxg5+ Kxg5
54. Kf2 f5 55. Kg2 h4 56. Kh3 hxg3 57. Kxg3 Kf6 58. Kf4 e5+ 59. Ke3 Ke6 60. Ke2
Kd5 61. Kd3 f4 62. Ke2 Kd4 63. Kd2 Kd5 64. Kd3 e4+ 65. fxe4+ Ke5 66. Ke2 Kxe4
67. Kf2 f3 68. Kf1 Kf4 69. Kf2 Ke4 70. Kf1 Ke3 71. Ke1 f2+ 72. Kf1 Kf3 1/2-1/2

[Event "Online Olym Div3 B 2020"]
[Site "chess.com INT"]
[Date "2020.07.08"]
[Round "5.2"]
[Board "1"]
[White "Oatlhotse, Providence"]
[Black "Gurbanov, Andrei"]
[Result "1-0"]
[WhiteTitle "IM"]
[BlackTitle "IM"]
[WhiteElo "2190"]
[BlackElo "2298"]
[WhiteTeam "Botswana"]
[BlackTeam "IPCA"]
[WhiteFideId "11300507"]
[BlackFideId "13503391"]
[EventDate "2020.07.07"]
[EventType "team"]

1. c4 e6 2. g3 d5 3. Bg2 Nf6 4. Nf3 Be7 5. O-O O-O 6. d4 dxc4 7. Na3 Bxa3 8.
bxa3 Nc6 9. Bb2 Rb8 10. Qc2 b5 11. Rad1 Bb7 12. Ng5 g6 13. e4 Qe7 14. d5 exd5
15. exd5 Nxd5 16. Rxd5 f6 17. Rxb5 1-0

[Event "Online Olym Div3 B 2020"]
[Site "chess.com INT"]
[Date "2020.07.08"]
[Round "5.2"]
[Board "2"]
[White "Obodchuk, Andrei"]
[Black "Rongwane, Gomolemo"]
[Result "1/2-1/2"]
[WhiteTitle "IM"]
[WhiteElo "2299"]
[BlackElo "2079"]
[WhiteTeam "IPCA"]
[BlackTeam "Botswana"]
[WhiteFideId "4114310"]
[BlackFideId "11301120"]
[EventDate "2020.07.07"]
[EventType "team"]

1. d4 Nf6 2. c4 e6 3. Nf3 b6 4. Nc3 Bb7 5. a3 Be7 6. d5 O-O 7. e4 d6 8. Bd3 e5
9. O-O Nbd7 10. b4 a5 11. Bd2 Nh5 12. g3 g6 13. Nb5 Bc8 14. bxa5 bxa5 15. a4 Nc5
16. Bc2 Bh3 17. Re1 f5 18. exf5 Bg4 19. h3 Bxh3 20. fxg6 Bg4 21. Ra3 Qd7 22. Bh6
Rf6 23. Ree3 hxg6 24. Qc1 e4 25. Ng5 Bf8 26. Bxf8 Raxf8 27. Bxe4 Rxf2 28. Bxg6
Bh3 29. Rf3 Rf1+ 30. Qxf1 Bxf1 31. Rxf8+ Kxf8 32. Rf3+ Kg8 33. Bxh5 Qg7 34. Bf7+
Kh8 35. Ne6 Qg4 36. Rf4 Qxg3+ 37. Kxf1 Nd3 38. Rf6 Qe1+ 39. Kg2 Qe4+ 40. Kg1
Qg4+ 41. Kf1 Qd1+ 42. Kg2 Qg4+ 43. Kf1 Qd1+ 44. Kg2 Qg4+ 45. Kf1 1/2-1/2

[Event "Online Olym Div3 B 2020"]
[Site "chess.com INT"]
[Date "2020.07.08"]
[Round "5.2"]
[Board "5"]
[White "Elias Thabo"]
[Black "Lipilin, Ilia"]
[Result "0-1"]
[WhiteTitle "CM"]
[BlackTitle "FM"]
[WhiteElo "1807"]
[BlackElo "2189"]
[WhiteTeam "Botswana"]
[BlackTeam "IPCA"]
[WhiteFideId "11312610"]
[BlackFideId "54113245"]
[EventDate "2020.07.07"]
[EventType "team"]

1. e4 c5 2. d3 Nc6 3. Nf3 g6 4. g3 Bg7 5. Bg2 d6 6. O-O e5 7. Nc3 Nge7 8. Nd2
O-O 9. f4 f5 10. Nf3 Kh8 11. Be3 Nd4 12. Nd5 Nxf3+ 13. Bxf3 Nxd5 14. exd5 exf4
15. Bxf4 Bxb2 16. Rb1 Bd4+ 17. Kh1 Qf6 18. Qd2 b6 19. Bg5 Qf7 20. c3 Be5 21.
Rfe1 Bb7 22. c4 Qd7 23. Re2 Rae8 24. Rbe1 Bc8 25. Bf4 Bxf4 26. Qxf4 Rxe2 27.
Rxe2 Rf6 28. g4 Qd8 29. g5 Rf7 30. Qe3 Bd7 31. Qf4 Bc8 32. Qe3 Kg7 33. Qe8 Qxe8
34. Rxe8 Bd7 35. Ra8 Ba4 36. Kg2 b5 37. Rd8 bxc4 38. dxc4 Rd7 39. Ra8 Bc2 40.
Be2 h6 41. h4 hxg5 42. hxg5 Ba4 43. Kf2 Re7 44. Rd8 Rd7 45. Ra8 Kf7 46. Rh8 Re7
47. Rd8 Bd7 48. Ra8 Be8 49. Rb8 Re4 50. Rb7+ Re7 51. Rb8 Rc7 52. Kf3 Ke7 53. Kf2
Bd7 54. Rh8 Be8 55. Rh7+ Bf7 56. Bh5 gxh5 57. g6 Kf6 58. gxf7 Rxf7 59. Rxh5 Ke5
60. Rh6 Kd4 61. Rxd6 Kxc4 62. Rd8 f4 63. d6 Kd5 64. d7 Kd6 65. Kf3 Rxd7 66. Rf8
Re7 67. Rxf4 Kd5 68. Rf8 Kd4 69. Rd8+ Kc3 70. a4 Kb4 71. Rc8 a5 72. Kf2 c4 73.
Kf3 Re5 74. Kf4 Rc5 75. Rb8+ Kxa4 76. Rb1 c3 77. Ke3 c2 78. Rc1 Kb3 79. Kd2 Kb2 0-1

[Event "Online Olym Div3 B 2020"]
[Site "chess.com INT"]
[Date "2020.07.08"]
[Round "5.2"]
[Board "6"]
[White "Nikitskaya, Varvara"]
[Black "Marape, Naledi"]
[Result "1-0"]
[BlackTitle "WFM"]
[WhiteElo "1173"]
[BlackElo "1689"]
[WhiteTeam "IPCA"]
[BlackTeam "Botswana"]
[WhiteFideId "34420029"]
[BlackFideId "11310880"]
[EventDate "2020.07.07"]
[EventType "team"]

1. d4 d5 2. c4 c6 3. Nf3 Nf6 4. e3 e6 5. Nbd2 Nbd7 6. Bd3 Be7 7. O-O O-O 8. e4
dxe4 9. Nxe4 Nxe4 10. Bxe4 Nf6 11. Bc2 Re8 12. Qd3 Bf8 13. Bg5 g6 14. Ne5 Bg7
15. h4 Qc7 16. Rfe1 a5 17. Qf3 Nh5 18. g4 Bxe5 19. dxe5 Ng7 20. Qf6 Rf8 21. Bh6
Ne8 22. Qf4 Ng7 23. h5 b6 24. Bxg7 Re8 25. Qf6 Qe7 26. hxg6 hxg6 27. Kg2 Ba6 28.
Rh1 Qxf6 29. exf6 Bb7 30. Rh8# 1-0

[Event "Online Olym Div3 B 2020"]
[Site "chess.com INT"]
[Date "2020.07.08"]
[Round "5.3"]
[Board "2"]
[White "Silva, David"]
[Black "Liu, Yeh Yang"]
[Result "0-1"]
[WhiteTitle "IM"]
[WhiteElo "2258"]
[BlackElo "1988"]
[WhiteTeam "Angola"]
[BlackTeam "Chinese Taipei"]
[WhiteFideId "10101314"]
[BlackFideId "16300416"]
[EventDate "2020.07.07"]
[EventType "team"]

1. e4 c6 2. d4 d5 3. exd5 cxd5 4. c4 Nf6 5. Nc3 e6 6. Nf3 Be7 7. Be2 O-O 8. O-O
b6 9. Be3 Bb7 10. Rc1 dxc4 11. Bxc4 Na6 12. a3 Rc8 13. Bd3 Nc7 14. Bb1 Ncd5 15.
Nxd5 Nxd5 16. Qd3 g6 17. Bh6 Re8 18. Ne5 Bf8 19. Bd2 Bg7 20. Rfe1 Nf6 21. Rxc8
Qxc8 22. Ba2 Qa8 0-1

[Event "Online Olym Div3 B 2020"]
[Site "chess.com INT"]
[Date "2020.07.08"]
[Round "5.3"]
[Board "3"]
[White "Shih, Ching-An"]
[Black "Caxita, Esperanca"]
[Result "1-0"]
[WhiteTitle "WFM"]
[BlackTitle "WIM"]
[WhiteElo "1582"]
[BlackElo "1882"]
[WhiteTeam "Chinese Taipei"]
[BlackTeam "Angola"]
[WhiteFideId "16300653"]
[BlackFideId "10100903"]
[EventDate "2020.07.07"]
[EventType "team"]

1. Nf3 d5 2. d4 Nf6 3. e3 Nbd7 4. c4 c6 5. Nc3 e6 6. b3 Bb4 7. Bb2 Ne4 8. Qc2
Qa5 9. Rc1 Qxa2 10. Bd3 Bxc3+ 11. Bxc3 Qxc2 12. Rxc2 Nxc3 13. Rxc3 O-O 14. O-O
Nf6 15. c5 Re8 16. Ra1 Nd7 17. b4 1-0

[Event "Online Olym Div3 B 2020"]
[Site "chess.com INT"]
[Date "2020.07.08"]
[Round "5.3"]
[Board "4"]
[White "Junior, Ednasia"]
[Black "Chen, Chi"]
[Result "0-1"]
[WhiteTitle "WFM"]
[WhiteElo "1808"]
[BlackElo "1588"]
[WhiteTeam "Angola"]
[BlackTeam "Chinese Taipei"]
[WhiteFideId "10105980"]
[BlackFideId "16301633"]
[EventDate "2020.07.07"]
[EventType "team"]

1. e4 e6 2. d4 d5 3. Nc3 Nf6 4. Bg5 Bb4 5. e5 h6 6. Be3 Ne4 7. Bd2 Bxc3 8. Bxc3
Nxc3 9. bxc3 O-O 10. Bd3 Nd7 11. Nf3 c5 12. O-O c4 13. Be2 b6 14. Qd2 Qe7 15. a4
Bb7 16. h3 Bc6 17. Kh2 Rfb8 18. Rfb1 Nf8 19. Ng1 Qd7 0-1

[Event "Online Olym Div3 B 2020"]
[Site "chess.com INT"]
[Date "2020.07.08"]
[Round "5.3"]
[Board "5"]
[White "Wang, Ting-Hao"]
[Black "Lutuima, Amaro"]
[Result "1-0"]
[BlackTitle "CM"]
[WhiteElo "1737"]
[BlackElo "2050"]
[WhiteTeam "Chinese Taipei"]
[BlackTeam "Angola"]
[WhiteFideId "16300602"]
[BlackFideId "10106863"]
[EventDate "2020.07.07"]
[EventType "team"]

1. c4 e5 2. Nc3 d6 3. g3 f5 4. Bg2 Nf6 5. d3 Be7 6. e4 c6 7. Nge2 O-O 8. O-O Be6
9. f4 fxe4 10. Nxe4 Nbd7 11. Ng5 Bf7 12. Bh3 Kh8 13. Be6 Bh5 14. g4 Nxg4 15.
Bxg4 Bxg4 16. Ne6 1-0

[Event "Online Olym Div3 B 2020"]
[Site "chess.com INT"]
[Date "2020.07.08"]
[Round "5.3"]
[Board "6"]
[White "Paulo, Jemima"]
[Black "Tsai, Sophie Yi-Hsuan"]
[Result "0-1"]
[WhiteElo "1599"]
[BlackElo "1131"]
[WhiteTeam "Angola"]
[BlackTeam "Chinese Taipei"]
[WhiteFideId "10110836"]
[BlackFideId "16302087"]
[EventDate "2020.07.07"]
[EventType "team"]

1. c4 e5 2. Nc3 Nf6 3. g3 c6 4. Nf3 d6 5. Bg2 Be6 6. c5 e4 7. Ng5 d5 8. Nxe6
fxe6 9. b4 Be7 10. O-O O-O 11. d3 exd3 12. Qxd3 a5 13. Qd4 Nbd7 14. b5 Bxc5 15.
Qa4 Nb6 16. Qc2 Qe7 17. bxc6 bxc6 0-1

[Event "Online Olym Div3 B 2020"]
[Site "chess.com INT"]
[Date "2020.07.08"]
[Round "5.4"]
[Board "1"]
[White "Thilakarathne, G M H"]
[Black "Omar, Noaman"]
[Result "0-1"]
[WhiteTitle "FM"]
[BlackTitle "IM"]
[WhiteElo "2398"]
[BlackElo "2367"]
[WhiteTeam "Sri Lanka"]
[BlackTeam "United Arab Emirates"]
[WhiteFideId "9912053"]
[BlackFideId "9300244"]
[EventDate "2020.07.07"]
[EventType "team"]

1. e4 c6 2. Nc3 d5 3. Nf3 Bg4 4. h3 Bh5 5. exd5 cxd5 6. g4 Bg6 7. Ne5 Nc6 8. d4
f6 9. Nxg6 hxg6 10. Bd3 Kf7 11. h4 e6 12. h5 gxh5 13. gxh5 f5 14. Be3 Nf6 15.
Qf3 Bb4 16. O-O-O Bxc3 17. bxc3 Qa5 18. Rdg1 Qxc3 19. Qg3 Qa3+ 20. Kd1 Ng4 21.
Rh4 Nxe3+ 22. fxe3 Rag8 23. Qg6+ Ke7 24. Rf4 Qd6 25. c4 dxc4 26. Bxc4 Kd7 27.
Qf7+ Ne7 28. Rxg7 Rxg7 29. Qxg7 Rxh5 30. Qg2 Qb4 31. Bb3 Qb5 32. Rf2 Rh7 33. Rc2
Qd3+ 34. Rd2 Rh1+ 35. Qxh1 Qb1+ 36. Ke2 Qxh1 0-1

[Event "Online Olym Div3 B 2020"]
[Site "chess.com INT"]
[Date "2020.07.08"]
[Round "5.4"]
[Board "2"]
[White "Sultan, Ibrahim"]
[Black "Galappaththi, Chinthaka Anuruddh"]
[Result "1-0"]
[WhiteTitle "IM"]
[BlackTitle "FM"]
[WhiteElo "2076"]
[BlackElo "2102"]
[WhiteTeam "United Arab Emirates"]
[BlackTeam "Sri Lanka"]
[WhiteFideId "9301143"]
[BlackFideId "9900438"]
[EventDate "2020.07.07"]
[EventType "team"]

1. d4 g6 2. c4 Bg7 3. Nc3 d6 4. Nf3 Nc6 5. g3 Bg4 6. d5 Bxf3 7. exf3 Ne5 8. f4
Nd7 9. Bd2 Ngf6 10. Bg2 O-O 11. O-O a5 12. Re1 Nc5 13. Qc2 Re8 14. b3 Qd7 15.
Rab1 e5 16. fxe5 Rxe5 17. Rxe5 dxe5 18. Re1 Ne8 19. a3 a4 20. b4 Nb3 21. Be3 Nd6
22. Bf1 Nf5 23. Qd3 Nfd4 24. Bg2 f5 25. c5 e4 26. Qc4 Kh8 27. Rd1 Nc2 28. c6
bxc6 29. dxc6 Qe8 30. Nxa4 Qg8 31. Qxc2 Rxa4 32. Bf1 Rxa3 33. Bc4 Na1 34. Qc1
Qa8 35. Qxa3 Qxa3 36. Rd8+ Bf8 37. Bd4# 1-0

[Event "Online Olym Div3 B 2020"]
[Site "chess.com INT"]
[Date "2020.07.08"]
[Round "5.4"]
[Board "3"]
[White "Dahampriya, H K T Dewnethmie"]
[Black "Mariam, Essa"]
[Result "1-0"]
[WhiteElo "1868"]
[BlackElo "1561"]
[WhiteTeam "Sri Lanka"]
[BlackTeam "United Arab Emirates"]
[WhiteFideId "9931180"]
[BlackFideId "9306480"]
[EventDate "2020.07.07"]
[EventType "team"]

1. e4 c5 2. Nf3 Nc6 3. Bb5 e6 4. Bxc6 bxc6 5. c3 Ba6 6. d3 Ne7 7. O-O Ng6 8. Re1
Be7 9. Be3 Rb8 10. Qc2 d5 11. d4 O-O 12. exd5 cxd5 13. dxc5 e5 14. Nbd2 e4 15.
Nd4 Bd3 16. Qc1 Qc7 17. b4 a5 18. a3 Qd7 19. N2b3 f5 20. Bg5 f4 21. Bxe7 Nxe7
22. Qd2 f3 23. Nxf3 exf3 24. Qxd3 Qg4 25. g3 Rbe8 26. Qf1 Nf5 27. Kh1 Re2 28.
Nc1 Rxe1 29. Qxe1 Qh3 30. Qg1 Re8 31. Nd3 Re2 32. Nf4 Qg4 33. Nxe2 fxe2 34. Qg2
Qc4 35. Re1 Qxc3 36. Qxd5+ Kf8 37. Rxe2 Qc1+ 38. Kg2 Ne7 39. Qd8+ Kf7 40. Qxe7+
Kg6 41. Re6+ Kh5 42. Qh4# 1-0

[Event "Online Olym Div3 B 2020"]
[Site "chess.com INT"]
[Date "2020.07.08"]
[Round "5.4"]
[Board "4"]
[White "Rayan, Mohammad Ali Hassan"]
[Black "Fernando, G W Nethmi L"]
[Result "1-0"]
[WhiteElo "1479"]
[BlackElo "1587"]
[WhiteTeam "United Arab Emirates"]
[BlackTeam "Sri Lanka"]
[WhiteFideId "9306145"]
[BlackFideId "9962972"]
[EventDate "2020.07.07"]
[EventType "team"]

1. e4 c5 2. d3 d6 3. g3 Nc6 4. Bg2 g6 5. Nc3 Bg7 6. Nge2 e6 7. O-O Nge7 8. Be3
O-O 9. d4 cxd4 10. Nxd4 d5 11. exd5 exd5 12. Nce2 Be6 13. Nf4 Qd7 14. Re1 Rad8
15. Qd2 Nxd4 16. Bxd4 Nc6 17. Bxg7 Kxg7 18. Rad1 Rfe8 19. Nxd5 Bxd5 20. Rxe8
Rxe8 21. Bxd5 Rd8 22. Qc3+ f6 23. Bf3 Qxd1+ 24. Bxd1 Rxd1+ 25. Kg2 Rd7 26. b4
Ne7 27. f4 Nd5 28. Qc8 Nb6 29. Qc5 h5 30. h3 Kf7 31. Kf3 Re7 32. g4 hxg4+ 33.
hxg4 Re6 34. Qc7+ Re7 35. Qc3 Nd5 36. Qc4 Rd7 37. g5 f5 38. Qb3 Ke7 39. c4 Nc7
40. Qc3 Ne6 41. Qf6+ Kd6 42. c5+ Kd5 43. Qe5+ Kc6 44. Qxe6+ Kc7 45. Qe5+ Kc8 46.
Ke3 Kd8 47. Qh8+ Kc7 48. b5 Re7+ 49. Kf3 a6 50. a4 axb5 51. axb5 Kd7 52. Qb8 Ke6
53. Qg8+ Kd7 54. Qxg6 Kd8 55. Qxf5 1-0

[Event "Online Olym Div3 B 2020"]
[Site "chess.com INT"]
[Date "2020.07.08"]
[Round "5.4"]
[Board "5"]
[White "Doluweera, Minul Sanjula"]
[Black "Ammar, Sedrani"]
[Result "1-0"]
[WhiteTitle "FM"]
[BlackTitle "FM"]
[WhiteElo "2139"]
[BlackElo "2274"]
[WhiteTeam "Sri Lanka"]
[BlackTeam "United Arab Emirates"]
[WhiteFideId "9910760"]
[BlackFideId "9312331"]
[EventDate "2020.07.07"]
[EventType "team"]

1. d4 d5 2. c4 e6 3. Nc3 Nf6 4. Nf3 c6 5. cxd5 exd5 6. Qc2 Be7 7. Bg5 Nbd7 8. e3
O-O 9. Bd3 Re8 10. O-O Nf8 11. Rab1 a5 12. a3 Bd6 13. b4 axb4 14. axb4 Ng6 15.
b5 h6 16. Bxf6 Qxf6 17. bxc6 bxc6 18. e4 Nh4 19. Nxh4 Qxh4 20. e5 Bf8 21. f4 Qd8
22. Na4 Ba6 23. Bxa6 Rxa6 24. Nc5 Ra3 25. Rb7 Qa5 26. e6 Re7 27. Rxe7 Bxe7 28.
exf7+ Kxf7 29. Qf5+ Ke8 30. Qg6+ Kd8 31. Nb7+ 1-0

[Event "Online Olym Div3 B 2020"]
[Site "chess.com INT"]
[Date "2020.07.08"]
[Round "5.4"]
[Board "6"]
[White "Fatima, Saif Al-Ali"]
[Black "Tharushi, T H D Niklesha"]
[Result "0-1"]
[WhiteTitle "WCM"]
[BlackTitle "WCM"]
[WhiteElo "1354"]
[BlackElo "1632"]
[WhiteTeam "United Arab Emirates"]
[BlackTeam "Sri Lanka"]
[WhiteFideId "9312420"]
[BlackFideId "9918264"]
[EventDate "2020.07.07"]
[EventType "team"]

1. e4 c5 2. Nf3 d6 3. d4 cxd4 4. Nxd4 Nf6 5. Nc3 g6 6. f3 Bg7 7. Be3 Nc6 8. Qd2
O-O 9. g4 Be6 10. O-O-O Ne5 11. h4 Bc4 12. Bg2 h5 13. gxh5 Nxh5 14. Nde2 Bxe2
15. Qxe2 Ng3 16. Qf2 Nxh1 17. Rxh1 Nc4 18. Bd4 Bh6+ 19. Kb1 e5 20. Bxe5 dxe5 21.
Rd1 Qb6 22. Qxb6 axb6 23. Bh1 Rfd8 24. Re1 Nd2+ 25. Ka1 Bf4 26. Nd5 Rxa2+ 27.
Kxa2 Ra8# 0-1

[Event "Online Olym Div3 B 2020"]
[Site "chess.com INT"]
[Date "2020.07.08"]
[Round "6.1"]
[Board "1"]
[White "Tate, Alan"]
[Black "Khusenkhojaev, Muhammad"]
[Result "1/2-1/2"]
[WhiteTitle "FM"]
[BlackTitle "IM"]
[WhiteElo "2342"]
[BlackElo "2399"]
[WhiteTeam "Scotland"]
[BlackTeam "Tajikistan"]
[WhiteFideId "2401878"]
[BlackFideId "14700247"]
[EventDate "2020.07.07"]
[EventType "team"]

1. Nf3 Nf6 2. c4 g6 3. Nc3 d5 4. cxd5 Nxd5 5. e4 Nxc3 6. dxc3 Qxd1+ 7. Kxd1 f6
8. h4 h5 9. e5 Bg4 10. Bd3 Kf7 11. Kc2 Nd7 12. Re1 Nc5 13. Bc4+ Be6 14. Bxe6+
Nxe6 15. Re4 f5 16. Rc4 c6 17. Ng5+ Nxg5 18. Bxg5 Rd8 19. Re1 Ke6 20. Re3 Bg7
21. f4 Rd5 22. Rd3 Rhd8 23. Rxd5 Rxd5 24. Ra4 a6 25. Rb4 b5 26. a4 Bf8 27. axb5
axb5 28. Rb3 Rd8 29. Ra3 Kd5 30. Ra7 Re8 31. Kd3 c5 32. Rd7+ Kc6 33. e6 c4+ 34.
Kc2 Kc5 35. b3 Kc6 36. Kb2 Kc5 37. Kc2 Kb6 38. Kb2 Kc5 39. Kc2 1/2-1/2

[Event "Online Olym Div3 B 2020"]
[Site "chess.com INT"]
[Date "2020.07.08"]
[Round "6.1"]
[Board "2"]
[White "Karimov, Alisher"]
[Black "Shafi, Declan"]
[Result "1/2-1/2"]
[WhiteTitle "FM"]
[WhiteElo "2222"]
[BlackElo "2166"]
[WhiteTeam "Tajikistan"]
[BlackTeam "Scotland"]
[WhiteFideId "14700280"]
[BlackFideId "2405156"]
[EventDate "2020.07.07"]
[EventType "team"]

1. d4 Nf6 2. c4 g6 3. Nc3 d5 4. Nf3 Bg7 5. Bf4 O-O 6. e3 c5 7. dxc5 Qa5 8. cxd5
Ne4 9. Nd2 Nxc3 10. bxc3 Qxc5 11. e4 e6 12. c4 Bd4 13. Nb3 Bxf2+ 14. Ke2 Qb6 15.
c5 Bxc5 16. Nxc5 Qxc5 17. Rc1 Qb4 18. Qc2 exd5 19. Kf2 Qxe4 20. Qd2 Nc6 21. Bd3
Qd4+ 22. Be3 Qf6+ 23. Kg1 Be6 24. Rf1 Qe5 25. h4 h5 26. Bg5 Qd4+ 27. Be3 Qe5 28.
Bf4 Qd4+ 29. Be3 Qe5 1/2-1/2

[Event "Online Olym Div3 B 2020"]
[Site "chess.com INT"]
[Date "2020.07.08"]
[Round "6.1"]
[Board "3"]
[White "Arakhamia-Grant, Ketevan"]
[Black "Antonova, Nadezhda"]
[Result "1-0"]
[WhiteTitle "GM"]
[BlackTitle "WFM"]
[WhiteElo "2380"]
[BlackElo "1877"]
[WhiteTeam "Scotland"]
[BlackTeam "Tajikistan"]
[WhiteFideId "13600168"]
[BlackFideId "14700182"]
[EventDate "2020.07.07"]
[EventType "team"]

1. e4 c5 2. Nf3 d6 3. d4 cxd4 4. Nxd4 Nf6 5. Nc3 a6 6. f3 e5 7. Nb3 Be6 8. Be3
h5 9. Qd2 Nbd7 10. O-O-O Rc8 11. Bg5 Be7 12. h4 b5 13. Kb1 O-O 14. Bxf6 Nxf6 15.
Nd5 Nxd5 16. exd5 Bf5 17. Bd3 Bxd3 18. Qxd3 f5 19. g4 fxg4 20. fxg4 hxg4 21.
Rdg1 Rf4 22. Qg6 Qc7 23. h5 Bf6 24. h6 e4 25. Rh2 a5 26. Rxg4 Rf1+ 27. Nc1 Bxb2
28. Qe6+ Kf8 29. hxg7+ Bxg7 30. Rh8+ 1-0